[Event "Eastern Asia-ch U14"]
[Site "Tornelo INT"]
[Date "2021.10.31"]
[Round "9"]
[White "Mokhtari Moghadam, Taha"]
[Black "Madhavan, R Munjanatttu"]
[Result "1/2-1/2"]
[WhiteElo "1889"]
[BlackElo "1292"]
[PlyCount "145"]
[EventDate "2021.10.29"]
[EventType "swiss"]
[EventRounds "9"]
[EventCountry "NET"]
[SourceTitle "EXT 2023"]
[Source "ChessBase"]
[SourceDate "2022.10.05"]
[SourceVersion "1"]
[SourceVersionDate "2022.10.05"]
[SourceQuality "1"]

1. Nf3 d5 2. d4 Nf6 3. c4 e6 4. e3 dxc4 5. Bxc4 c5 6. 0-0 a6 7. Qc2 Nc6 8. dxc5 Qc7 9. a3 Ne5 10. Nxe5 Qxe5 11. Nd2 Bxc5 12. Nf3 Qc7 13. b4 Bd6 14. Bb2 b5 15. Bd3 Qxc2 16. Bxc2 Bb7 17. Rfd1 Ke7 18. Bb3 Rhd8 19. Bd4 Rdc8 20. Kf1 a5 21. bxa5 Rxa5 22. a4 bxa4 23. Rxa4 Rxa4 24. Bxa4 Ba6+ 25. Kg1 Be2 26. Rb1 Bxf3 27. gxf3 e5 28. Rb7+ Rc7 29. Rxc7+ Bxc7 30. Bb2 Ne8 31. Ba3+ Bd6 32. Bxd6+ Nxd6 33. Bc2 f5 34. Kg2 Kf6 35. Kg3 g5 36. Kg2 f4 37. Bxh7 Nc4 38. Bd3 Nb2 39. Be2 Na4 40. Kf1 Nc3 41. Bd3 Nd5 42. Ke2 Nc7 43. Bc4 Ne8 44. Bd3 Nd6 45. Kd2 Nf7 46. h3 Nd6 47. Kc3 Ke6 48. Be4 Ne8 49. Kb4 Nf6 50. Bb7 Kd6 51. Kc4 Ne8 52. Be4 Nf6 53. Ba8 Nd7 54. Be4 Nb6+ 55. Kc3 Kc5 56. exf4 exf4 57. Kd3 Nd7 58. Bb7 Nf6 59. Bc8 Kd5 60. Bb7+ Ke5 61. Kc4 Ne8 62. Be4 Nd6+ 63. Kd3 Ne8 64. Bg6 Nd6 65. Kc3 Nb5+ 66. Kd3 Nd4 67. Be4 Ne6 68. Kc4 Nd4 69. Kd3 Nb3 70. Kc3 Nc5 71. Bc6 Ne6 72. Be4 Nd4 73. Kd3 1/2-1/2

[Event "Eastern Asia-ch U14"]
[Site "Tornelo INT"]
[Date "2021.10.31"]
[Round "7"]
[White "Tong, Hai Anh"]
[Black "Mokhtari Moghadam, Taha"]
[Result "0-1"]
[WhiteElo "1460"]
[BlackElo "1889"]
[PlyCount "74"]
[EventDate "2021.10.29"]
[EventType "swiss"]
[EventRounds "9"]
[EventCountry "NET"]
[SourceTitle "EXT 2023"]
[Source "ChessBase"]
[SourceDate "2022.10.05"]
[SourceVersion "1"]
[SourceVersionDate "2022.10.05"]
[SourceQuality "1"]

1. Nf3 Nf6 2. g3 d5 3. Bg2 c5 4. 0-0 Nc6 5. d4 e6 6. c4 dxc4 7. dxc5 Qxd1 8. Rxd1 Bxc5 9. Nbd2 c3 10. bxc3 0-0 11. Nb3 Be7 12. Nfd4 Bd7 13. Nxc6 Bxc6 14. Bxc6 bxc6 15. Nd4 Ne4 16. Be3 Bf6 17. Rac1 c5 18. Nb5 a6 19. Nd6 Nxc3 20. Rd2 Bd4 21. Rcc2 e5 22. Bxd4 cxd4 23. e3 dxe3 24. fxe3 Nb1 25. Rd1 Rab8 26. Rcc1 Na3 27. Rc3 Nb5 28. Nxb5 Rxb5 29. Ra3 Rb6 30. Rd5 Re8 31. Rda5 Ree6 32. Rd5 g6 33. Kg2 Kg7 34. Kf3 e4+ 35. Kf4 f5 36. Rc3 Kf6 37. Rc7 g5# 0-1

[Event "Eastern Asia-ch U14"]
[Site "Tornelo INT"]
[Date "2021.10.29"]
[Round "1"]
[White "Mokhtari Moghadam, Taha"]
[Black "Hiew, Jing Yung"]
[Result "1-0"]
[WhiteElo "1889"]
[BlackElo "1225"]
[PlyCount "119"]
[EventDate "2021.10.29"]
[EventType "swiss"]
[EventRounds "9"]
[EventCountry "NET"]
[SourceTitle "EXT 2023"]
[Source "ChessBase"]
[SourceDate "2022.10.05"]
[SourceVersion "1"]
[SourceVersionDate "2022.10.05"]
[SourceQuality "1"]

1. Nf3 d5 2. d4 Nf6 3. c4 c6 4. e3 e6 5. Nbd2 Be7 6. b3 0-0 7. Bb2 Nbd7 8. Bd3 dxc4 9. bxc4 c5 10. Qc2 cxd4 11. exd4 b6 12. 0-0 Bb7 13. Rfd1 Rc8 14. Qb3 Re8 15. Rac1 h6 16. Bb1 Bd6 17. Qd3 Nf8 18. Qe3 Bb8 19. Ne5 N6d7 20. Ba3 Qf6 21. f4 h5 22. Ndf3 Red8 23. Ng5 Nxe5 24. fxe5 Qh6 25. Rc3 Rd7 26. h4 a6 27. Bc1 Qh8 28. Rf1 g6 29. Be4 Qg7 30. Bxb7 Rxb7 31. Ne4 Nh7 32. Qf2 Rd7 33. Ba3 Rcd8 34. Bd6 Ba7 35. Rf3 b5 36. c5 Rc8 37. Kh1 a5 38. Rc1 Bb8 39. Qf1 Rb7 40. Rb3 b4 41. Qa6 f5 42. exf6 Qf7 43. Rf1 Rd8 44. Bxb8 Rbxb8 45. Nd6 Qd7 46. Rg3 Nf8 47. Qd3 Qh7 48. Qe4 a4 49. d5 Rxd6 50. cxd6 exd5 51. Qe7 Qf7 52. Rb1 Rb7 53. Qe5 Nd7 54. Qd4 b3 55. axb3 axb3 56. Rgxb3 Rxb3 57. Rxb3 Nxf6 58. Rf3 Kg7 59. d7 Qe7 60. Qxf6+ 1-0

[Event "IRI-ch U14"]
[Site "Chess.com INT"]
[Date "2021.01.16"]
[Round "2"]
[White "Mokhtari Moghadam, Taha"]
[Black "Shakibaei Yekta, Ouriya"]
[Result "1-0"]
[WhiteElo "1976"]
[BlackElo "1387"]
[PlyCount "81"]
[EventDate "2021.01.16"]
[EventType "swiss"]
[EventRounds "11"]
[EventCountry "IRI"]
[SourceTitle "EXT 2022"]
[Source "ChessBase"]
[SourceDate "2021.10.06"]
[SourceVersion "1"]
[SourceVersionDate "2021.10.06"]
[SourceQuality "1"]

1. Nf3 Nf6 2. c4 g6 3. Nc3 c5 4. e3 Bg7 5. d4 cxd4 6. exd4 d6 7. Bd3 0-0 8. 0-0 Nc6 9. d5 Nb4 10. Be2 Bd7 11. Be3 Rc8 12. Bxa7 b6 13. Qb3 Qc7 14. Qxb4 Qxa7 15. a4 Rc5 16. Nb5 Qb7 17. Bd3 Rfc8 18. Rfe1 Kf8 19. Qd2 Bxb5 20. axb5 Nd7 21. Ra6 R5c7 22. b4 Nb8 23. Ra3 Nd7 24. Bf1 Ne5 25. Nxe5 Bxe5 26. Qh6+ Kg8 27. Rh3 Bg7 28. Qxh7+ Kf8 29. Rf3 Rxc4 30. Qxg6 Qxd5 31. Qh7 Rxb4 32. Rg3 Qd4 33. Qf5 Rc7 34. Qf3 Rc8 35. Rd1 Qf6 36. Qb7 Re8 37. Qxb6 Rb2 38. Qe3 Rc8 39. Rf3 Qc3 40. Qg5 Rc4 41. Rxc3 1-0

[Event "Wch U10 blitz"]
[Site "Minsk"]
[Date "2018.06.24"]
[Round "6"]
[White "Mokhtari Moghadam, Taha"]
[Black "Zubar, Volodymyr"]
[Result "1-0"]
[WhiteElo "1341"]
[BlackElo "1731"]
[PlyCount "124"]
[EventDate "2018.06.24"]
[EventType "swiss (blitz)"]
[EventRounds "9"]
[EventCountry "BLR"]
[SourceTitle "EXT 2019"]
[Source "ChessBase"]
[SourceDate "2018.10.10"]
[SourceVersion "1"]
[SourceVersionDate "2018.10.10"]
[SourceQuality "1"]

1. Nf3 Nf6 2. g3 g6 3. Bg2 Bg7 4. 0-0 0-0 5. d4 d5 6. Be3 c5 7. c3 c4 8. Bc1 Nc6 9. Nfd2 Be6 10. e4 dxe4 11. Nxe4 Nxe4 12. Bxe4 Bd5 13. Nd2 e6 14. Qe2 Rc8 15. Re1 b6 16. f3 Ne7 17. Nf1 b5 18. Bg5 Re8 19. Bxd5 Qxd5 20. Bxe7 Rxe7 21. Ne3 Qb7 22. Rad1 Rd7 23. Ng4 Rd5 24. Ne3 Rd7 25. Kg2 a6 26. Nf1 Rcd8 27. Nd2 Qd5 28. Ne4 Kh8 29. Nc5 Rd6 30. Qe4 a5 31. Qxd5 Rxd5 32. Ne4 b4 33. f4 Kg8 34. Kf3 Kf8 35. Ke3 h6 36. Nd2 Rc8 37. Nf3 Rb5 38. Rb1 Rcb8 39. Rbc1 bxc3 40. bxc3 Rb2 41. Nd2 Rc8 42. Ra1 a4 43. Reb1 Rxb1 44. Rxb1 Ke7 45. Rb4 Kf6 46. Rxa4 Bf8 47. Rxc4 Ra8 48. a4 Bd6 49. Nb3 g5 50. a5 Bb8 51. Rb4 Bc7 52. Rb5 Ra6 53. c4 Ke7 54. d5 exd5 55. cxd5 Kd6 56. Kd4 f5 57. Nc5 Ra8 58. a6 Ra7 59. Rb7 Ra8 60. Ne6 Ba5 61. Nc5 Bc7 62. Rb1 Bb6 1-0

[Event "Wch U10 rapid"]
[Site "Minsk"]
[Date "2018.06.23"]
[Round "9"]
[White "Mokhtari Moghadam, Taha"]
[Black "Ermakov, Maksim"]
[Result "0-1"]
[WhiteElo "1672"]
[BlackElo "1534"]
[PlyCount "80"]
[EventDate "2018.06.22"]
[EventType "swiss (rapid)"]
[EventRounds "9"]
[EventCountry "BLR"]
[SourceTitle "EXT 2019"]
[Source "ChessBase"]
[SourceDate "2018.10.10"]
[SourceVersion "1"]
[SourceVersionDate "2018.10.10"]
[SourceQuality "1"]

1. Nf3 d5 2. g3 e6 3. Bg2 Nf6 4. c4 c6 5. 0-0 Nbd7 6. d3 Be7 7. cxd5 exd5 8. Nc3 0-0 9. Qc2 Re8 10. e4 Nc5 11. e5 Nfd7 12. d4 Ne6 13. Be3 f6 14. Bh3 Ndf8 15. Rae1 Nxd4 16. Bxd4 Bxh3 17. exf6 Bxf6 18. Rxe8 Qxe8 19. Re1 Qh5 20. Qd3 Bf5 21. Qe3 Nd7 22. Bxa7 Bxc3 23. bxc3 Nf6 24. Nh4 Re8 25. Qd2 Ne4 26. Qf4 Be6 27. c4 Nf6 28. Re5 Qd1+ 29. Kg2 dxc4 30. Bd4 Bd5+ 31. Nf3 Bxf3+ 32. Qxf3 Qxd4 33. Rxe8+ Nxe8 34. h4 c3 35. Kh2 Nf6 36. Qe2 Ng4+ 37. Kg2 Qxf2+ 38. Qxf2 Nxf2 39. Kxf2 c2 40. a4 c1Q 0-1